1338 1615 1141 1702 1733 1953 1017 1449 1080 1654 1607 1732 1244 1291 1156 1324 1520 1841 1527 1432 1721 1796 1290 1058 1632 1670 1066 1225 1781 1014 1277 1431 1278 1458 1814 1064 1275 1272 1105 1936 1043 1977 1007 1421 1719 1725 1774 1794 1428 1857 1142 1775 1782 1983 1377 1625 1525 1531 1804 1320 1388 1519 1201 1213 1564 1871 1992 1124 1692 1660 1026 1491 1887 1083 1974 1212 1450 1523 1043 1280 1807 1315 1796 1572 1547 1558 1517 1125 1069 1093 1613 1405 1037 1714 1665 1689 1144 1271 1443 BCNSPRNW ULIB Ver.6.0+V

เปลี่ยนเป็นภาษาไทย

Change to English
 แสดงรายละเอียดบรรณานุกรม
  กลับหน้าหลัก

Brief Record : Get Marc (ISO 2709) : E-mail record : QR code < ปิดหน้าต่าง
LEADER : 00000nam 2200000uu 4500
001    13399113249
003     ULIB
008    111004s2549||||th 000 0 tha d
020    9749237269
020    9789749237267
050  4 QH307.2^bอ466ช ล.3 2549
245 00 ชีววิทยา 3 (โครโมโซม การแบ่งเซลล์ กฏของเมนเดลปฏิกิริยาร่วมของยีน ลักษณะพันธุกรรม ความน่าจะเป็น มัลติเพิลอัลลีล ลักษณะพันธุกรรมที่ควบคุมด้วยยีนบนโครโมโซมเพศ เจเนติก รีคอมบิเนชัน ลักษณะพันธุกรรมที่วบคุมด้วยยีนนอกนิวเคลียส การเปลี่ยนแปลงของโครโมโวม การกลายพันธุ์ การถ่ายทอดลักษณะปริมาณ พันธุศาสตร์ประชากร พันธุวิศวกรรม) /^c[ผู้เขียน, ประดิษฐ์ พงศ์ทองคำ, สุรินทร์ ปิยะโชคณากุล, สมศักดิ์ อภิสิทธิวาณิช]
246 31 ชีววิทยา 3
260    กรุงเทพฯ :^bโครงการตำราวิทยาศาสตร์และคณิตศาสตร์มูลนิธิส่งเสริมโอลิมปิกวิชาการและพัฒนามาตรฐานวิทยาศาสตร์ศึกษา,^c2549
300    145 หน้า :^bภาพประกอบ ;^c30 ซม.
650  4 ชีววิทยา
650  4 พันธุศาสตร์
700 0  ประดิษฐ์ พงศ์ทองคำ
700 0  สุรินทร์ ปิยะโชคณากุล
700 0  สมศักดิ์ อภิสิทธิวาณิช
710 2  โครงการตำราวิทยาศาสตร์และคณิตศาสตร์มูลนิธิ สอวน.
710 2ม ูลนิธิส่งเสริมโอลิมปิกวิชาการและพัฒนามาตรฐานวิทยาศาสตร์ศึกษา. ^bโครงการตำราวิทยาศาสตร์และคณิตศาสตร์
945    ^p170^l0^i020181
945    ^p170^l0^i020182
995    ทศพร
999 ^a ทศพร
รายการนี้ยังไม่มีแท็ก
คุณยังไม่ได้ล็อกอิน คุณสามารถมีกิจกรรมร่วมกับเว็บไซต์ได้ แต่ต้องล็อกอินก่อน ::
  ล็อกอิน

รายการสื่อสารสนเทศ

ลำดับที่ ประเภท เลขเรียก/บาร์โค้ด สถานที่ สถานะ
1. วิทยาศาสตร์การแพทย์ และสุขภาพ
วิทยาศาสตร์การแพทย์ และสุขภาพ
สถานะ=หาย
QH307.2 อ466ช ล.3 2549 ฉ.2 
  Barcode: 020182
ห้องสมุดวิทยาเขตสวรรค์ประชารักษ์
►หนังสือทั่วไป
บนชั้น

รายการใกล้เคียง
    หัวเรื่อง [ชีววิทยา]
    หัวเรื่อง [พันธุศาสตร์]

BibComment


ยังไม่เคยถูกคอมเมนท์

คอมเมนท์ทรัพยากรรายการนี้
  คอมเมนท์: ชีววิทยา 3 โครโมโ..


 Copyright 2026. Bcnsprnw @Library